| 000 | 00901cam a2200289 i 4500 | ||
|---|---|---|---|
| 001 | 2279936 | ||
| 003 | SISC | ||
| 005 | 20160308140147.0 | ||
| 008 | 800821s1980 nyu b 001 0 eng | ||
| 010 | _a 79002641 | ||
| 020 |
_a0060148047 : _c$8.95 |
||
| 040 |
_aDLC _cDLC _dDLC |
||
| 050 | 0 | 0 |
_aPE 1429 _b.Z5 1980 |
| 082 | 0 | 0 |
_aHS 808.04 _bZi6 1980 |
| 100 | 1 |
_aZinsser, William Knowlton. _915215 |
|
| 245 | 1 | 0 |
_aOn writing well : _ban informal guide to writing nonfiction / _cWilliam Zinsser. |
| 250 | _a2d. ed. | ||
| 260 |
_aNew York : _bHarper and Row, _cc1980. |
||
| 300 |
_a 187 p. ; _c22 cm. |
||
| 562 | _eFor circulation. One copy available in the collection. | ||
| 650 | 0 |
_aEnglish language _xRhetoric. _915216 |
|
| 650 | 0 |
_aExposition (Rhetoric) _911243 |
|
| 650 | 0 |
_aReport writing. _91734 |
|
| 906 |
_a7 _bcbc _corignew _d2 _eocip _f19 _gy-gencatlg |
||
| 942 |
_2lcc _cBK |
||
| 999 |
_c9841 _d9841 |
||